College Quizbowl Stats
College Quizbowl Stats
Circuits
Seasons
Sets
Records
Detailed Stats
About
Loading...
2024 ARCADIA at Duke
Tossups
Bonuses
Players
Teams
Categories (Tossup)
Categories (Bonus)
Nova Sink
Virginia Tech C
Categories
Category
Powers
Gets
Negs
BBs
Points
Earliest Buzz
Avg. Buzz
First Buzzes
Top 3 Buzzes
History - American History
0
2
0
1
20
113
117.00
1
2
Social Science
0
1
0
1
10
116
116.00
0
1
History - World History
0
0
2
0
-10
0.00
0
0
Science - Physics
0
0
2
0
-10
0.00
0
0
Buzzes
Category
Answer
Value
Buzz Position
History - World History
Yangtze River
-5
42
Science - Physics
compression
-5
88
Science - Physics
impedance
-5
93
History - American History
1950s
10
113
Social Science
United Kingdom
10
116
History - American History
Kuwait
10
121
History - American History
1919
0
125
History - World History
Safavid Empire
-5
128
Previous
1
Next